000 00293nam a22001337a 4500
008 170309b xxu||||| |||| 00| 0 eng d
020 _a9780683037104
041 _aeng
080 _211 ED
_a611
100 _a6
101 _aSHM
245 _aGRANTS DISSECTOR
_cSAUERLAND.E.K
942 _2udc
_cBK
999 _c7335
_d7335